000 00674nam a2200265Ia 4500
005 20260121171441.0
008 008 260114s9999 xx 000 0 eng d
020 _a9789813296442
037 _aEBOOK
040 _aCRL
040 _beng
040 _cCRL
041 _2eng
041 _aeng
084 _qCRL
100 _aJose A. Puppim de Oliveira, Yijia Jing
_91076380
245 0 _aInternational Development Assistance and the BRICS
260 _bSpringer
260 _bSpringer
260 _c2020
856 _uhttps://link.springer.com/openurl?genre=book&isbn=978-981-32-9644-2
942 _cEBOOK
999 _c1642110
_d1642110